000 00356nam a2200121Ia 4500
008 240731s9999 xx 000 0 und d
022 _a1944-2904
245 0 _aEthnoarchaeology : Journal of Archaeological, Ethnographic and Experimental Studies
260 _bRoutledge
856 _uhttps://www.tandfonline.com/loi/yeth20
942 _2ddc
942 _cTFEJ
999 _c76484
_d76484
945 _a1
_bMadushi Gamage
_c1
_dMadushi Gamage